000 01256nam a2200337Ia 4500
001 ebr10450997
003 CaPaEBR
006 m u
007 cr cn|||||||||
008 050902s2003 cau sb 001 0 eng d
010 _z 2005281820
020 _z0895561182
020 _z9780895561183
020 _z9780895564931 (ebook)
040 _aCaPaEBR
_cCaPaEBR
035 _a(OCoLC)707092911
050 1 4 _aRA785
_b.H88 2003eb
082 0 4 _a613.7/92
_222
100 1 _aHutchison, Michael.
245 1 4 _aThe book of floating
_h[electronic resource] :
_bexploring the private sea /
_cMichael Hutchison.
260 _aNevada City, Calif. :
_bGateway Books and Tapes,
_cc2003.
300 _a268 p.
504 _aIncludes bibliographical references (p. [237]-253) and index.
533 _aElectronic reproduction.
_bPalo Alto, Calif. :
_cebrary,
_d2011.
_nAvailable via World Wide Web.
_nAccess may be limited to ebrary affiliated libraries.
650 0 _aFloating bodies.
650 0 _aRelaxation.
650 0 _aSensory deprivation.
655 7 _aElectronic books.
_2local
710 2 _aebrary, Inc.
856 4 0 _uhttp://site.ebrary.com/lib/rucke/Doc?id=10450997
_zAn electronic book accessible through the World Wide Web; click to view
999 _c138795
_d138795